| 000 | 00848nam a2200253 i 4500 | ||
|---|---|---|---|
| 001 | bg | ||
| 100 | 1 | _aSNEYD, Michael R. | |
| 245 | 1 | 0 |
_aInternational banking and finance / _cMichael R. Sneyd. |
| 260 |
_aNew York [et al.] : _bPrentice Hall, _c1992. |
||
| 300 |
_aXII, 100 s. : _brys. ; _c24 cm + _ekaseta dźw. |
||
| 490 | 1 | _aPrentice Hall International English Language Teaching. Professional Reading Skills Series | |
| 650 | 9 |
_aBankowość _xsłownictwo |
|
| 650 | 9 |
_aFinanse _xsłownictwo |
|
| 650 | 9 | _aJęzyk angielski | |
| 655 | _aPodręczniki | ||
| 830 | 0 |
_aPrentice Hall International English Language Teaching. _pProfessional Reading Skills Series |
|
| 020 | _a0136787568 | ||
| 040 | _cBPK | ||
| 041 | 0 | _aen | |
| 080 | _a811.111(07):336 | ||
| 920 | _a0-13-678756-8 | ||
| 942 | _cKS | ||
| 008 | s pl f |000 0 pol | ||
| 999 |
_c32720 _d32720 |
||
| 856 |
_uhttp://koha.tu.koszalin.pl/cgi-bin/koha/opac-detail.pl?biblionumber=32720 _yKatalog online BPK |
||